00988nam a22002537a 450000500170000000800410001701000140005802000260007203500130009803700150011104000180012608200150014424501470015926000360030627000480034230000280039050000410041865000320045970000180049170000320050994200290054199900170057095201470058720090810121516.0040825s2004 io a b 000 0 eng  aENG-94695 a9788120336988c550.00 aEN-78228 bDBAD / PUB adplbEnglish  a362.570954 aGovernance and poverty reduction :bbeyond the cage of best practices /cedited by Amita Singh, Kapil Kapoor [and] Rabindranath Bhattacharyya  aNew Delhi bPHI Learning c2009 aM-97 Connaught Circis, bNew Delhi e110001 aviii, 343p. c26cm(Hb)  aIncludes bibliographical references. aPoverty xGovernment policy aKapoor, Kapil aBhattacharyya, Rabindranath 2ddccENmGOVh362.570954 c29063d29063 00102ddc40718NFICaDBADbDBADd2009-08-10eDBAD / PUBg550.00l0o362.570954 GOVpEN-78228r2009-08-10 00:00:00t1v550.00w2009-08-10yEN